000 00381nam a2200145Ia 4500
008 240624s9999 xx 000 0 und d
041 _aeng
082 _a005.758 BAY
100 _aBAYROSS IVAN
245 _aSQL PL SQL THE PROGRAMMING LANGUAGE OF O
250 _a(3rd ed.)
260 _c2008
_aNew Delhi
_bBPB Publications
300 _axi, : 443 : p. : cm. ; 24
365 _cRS
_b35
999 _c9484
_d9484